| 000 | 00531nam a22001937a 4500 | ||
|---|---|---|---|
| 003 | OSt | ||
| 008 | 260625b |||||||| |||| 00| 0 eng d | ||
| 020 | _a9789391734442 | ||
| 082 |
_a746.6 _bS61F |
||
| 100 | _aSingh, Saroj S. Jeet | ||
| 245 |
_aFundamentals of Textile Dyeing _cSingh, Saroj S. Jeet |
||
| 260 |
_aNew Delhi _bTTPP, New Delhi _c2022 |
||
| 300 | _a175p. | ||
| 365 | _e1595.00, INR | ||
| 650 | _aTextile dyeing. | ||
| 650 | _aDyes and dyeing $x Textile fibers. | ||
| 650 | _aTextile chemistry. | ||
| 942 |
_2ddc _cBK |
||
| 999 |
_c52306 _d52306 |
||